| 000 | 00529nam a22001937a 4500 | ||
|---|---|---|---|
| 003 | CEME | ||
| 005 | 20210628210138.0 | ||
| 008 | 210215b xxu||||| |||| 00| 0 eng d | ||
| 020 | _a0-07-059283-7 | ||
| 040 | _c. | ||
| 082 | _a621.38412 SMI | ||
| 100 |
_aSmith, Jack.A _978288 |
||
| 245 | _aModern communication circuits | ||
| 250 | _a2ND | ||
| 260 |
_aBOSTON _bMCGRAW HILL _c1998 |
||
| 300 | _a576P | ||
| 650 |
_aELECTRONIC CIRCUIT DESIGN TELECOMMUNICATION-EQUIPMENT AND SUPPLIES RADIO CIRCUITS _978289 |
||
| 942 |
_cBK _2ddc |
||
| 999 |
_c583435 _d583435 |
||